Online Catalogue and eLibrary

Bili Pooja (Record no. 3348)

MARC details
000 -LEADER
fixed length control field 00363nam a2200145Ia 4500
005 - DATE AND TIME OF LATEST TRANSACTION
control field 20241107042704.0
008 - FIXED-LENGTH DATA ELEMENTS--GENERAL INFORMATION
fixed length control field 240331s9999 xx 000 0 und d
082 ## - DDC Classification
Item Number - Author Mark GUN
Class No. 823
100 ## - MAIN ENTRY--PERSONAL NAME
Personal name Gunaratna, S
245 #0 - TITLE STATEMENT
Title Bili Pooja
260 ## - PUBLICATION, DISTRIBUTION, ETC.
Place of publication, distribution, etc. Homagama
Name of publisher, distributor, etc. Colombo Co-operative Printers Society Ltd
Date of publication, distribution, etc. 1973
300 ## - PHYSICAL DESCRIPTION
Extent (e.g. Volumes, Pages etc.) 102 p .,
500 ## - GENERAL NOTE
General note Short stories
942 ## - Koha item type (Biblio)
Koha item type Books in Stacks (Lending)
Holdings
Lost status Damaged status Collection code Home library Current library Shelving location Date acquired Full call number Accession Number Item type
    Lending WERC Library WERC Library Social Science Cupboard 03/31/2024 823 GUN 147 Books in Stacks (Lending)

© WERC Library